Proyecto de reformas judiciales, financiado por el Banco Mundial. Periodismo y violencia: una guía para la cobertura de hechos políticos y judiciales

Đã lưu trong:
Chi tiết về thư mục
Tác giả chính: Castilho, Carlos
Tác giả của công ty: Bolivia. Consejo de la Judicatura
Định dạng: Texto
Được phát hành: s.l: ILANUT. ICODE
Những chủ đề:
Các nhãn: Thêm thẻ
Không có thẻ, Là người đầu tiên thẻ bản ghi này!

MARC

LEADER 00000 a a2200000 04500
001 36326
003
040
090 |a 0102 C352p  
100 |a Castilho, Carlos  
110 |a Bolivia. Consejo de la Judicatura  
245 |a Proyecto de reformas judiciales, financiado por el Banco Mundial. Periodismo y violencia: una guía para la cobertura de hechos políticos y judiciales  
260 |a s.l:   |b ILANUT. ICODE  
300 |a 46 p.  
650 |a PERIODISMO  
650 |a VIOLENCIA  
650 |a POLICIA  
650 |a PODER JUDICIAL  
650 |a MEDIOS DE COMUNICACION  
650 |a BOLIVIA  
999 |c 11863  |d 11863